000 00478cam a2200169ua 4500
001 5668
008 131007n ii |||gr||||Z||||||eng
040 _cMAIN
082 _a954.162
245 1 1 _aStudies in The History of North-East India
260 _aShillong:
_bNorth-Eastern Hill University Publications,
_c1986.
300 _aviii,253p.
653 _aHistory
653 _aStudies in The History of North-East India
700 1 _aBhattacharjee,J.B.,
_eEditor.,
942 _cBK
999 _c4827
_d4827